Library of the University of Algiers 3
Ibrahim Sultan Cheibout
شعار جامعة الجزائر 3
مكتبة جامعة الجزائر 3
إبراهيم سلطان شيبوط

السوق العربية المشتركة : (رقم التسجيلة. 42450)

تفاصيل مارك
000 -LEADER
fixed length control field 01790nam a2200217Ia 4500
003 - CONTROL NUMBER IDENTIFIER
control field Ost
005 - DATE AND TIME OF LATEST TRANSACTION
control field 20260507075035.0
008 - FIXED-LENGTH DATA ELEMENTS--GENERAL INFORMATION
fixed length control field 260507s9999||||xx |||||||||||||| ||und||
020 ## - INTERNATIONAL STANDARD BOOK NUMBER
International Standard Book Number 8735919977
040 ## - CATALOGING SOURCE
Transcribing agency fsecg
041 ## - LANGUAGE CODE
Language code of text/sound track or separate title ara
082 ## - DEWEY DECIMAL CLASSIFICATION NUMBER
Classification number 330
100 ## - MAIN ENTRY--PERSONAL NAME
Personal name عبد الحميد، عبد المطلب
Relator term مؤلف
245 #0 - TITLE STATEMENT
Title السوق العربية المشتركة :
Remainder of title الواقع والمستقبل في الألفية الثالثة /
Statement of responsibility, etc. عبد المطلب عبد الحميد
260 ## - PUBLICATION, DISTRIBUTION, ETC.
Place of publication, distribution, etc. القاهرة:
Name of publisher, distributor, etc. مجموعة النيل العربية,
Date of publication, distribution, etc. 2003
300 ## - PHYSICAL DESCRIPTION
Extent 267 صفحة؛
Other physical details إيضاحات ؛
Dimensions 24 سم
520 ## - SUMMARY, ETC.
Summary, etc. مفاهيم أساسية حول التكامل الإقتصادي والسوق المشتركة- نظرة كلية على الإقتصاد العربي مع التأهب للألفية الثالثة- السوق العربية المشتركة قديما وواقع العمل الإقتصادي العربي المشترك- التجارة العربية المشتركة وأفاقها المستقبلية- إعادة بناء السوق العربية المشتركة في ظل العولمة- منظمة التجارة الحرة العربية الشاملة- المرحلة الاولية لإعادة بناء السوق العربية المشتركة- آفاق التعاون الإقتصادي العربي أثناء إتمام مراحل السوق العربية المشتركة- السوق المالية العربية المشتركة- التوجيهات المستقبلية للتعاون والتكامل الإقتصادي العربي في الالفية الثالثة
653 ## - INDEX TERM--UNCONTROLLED
Uncontrolled term التكتلات الإقتصادية - الدولية
653 ## - INDEX TERM--UNCONTROLLED
Uncontrolled term السوق العربية المشتركة
942 ## - ADDED ENTRY ELEMENTS (KOHA)
Koha item type كتب
المقتنيات
Withdrawn status Lost status Source of classification or shelving scheme Damaged status Not for loan Home library Current library Date acquired Serial enumeration / chronology Inventory number Total checkouts Full call number Barcode Date last seen Price effective from Koha item type
    Dewey Decimal Classification   NOT LOAN / إعارة داخلية مكتبة كلية العلوم الإقتصادية والعلوم التجارية وعلوم التسيير مكتبة كلية العلوم الإقتصادية والعلوم التجارية وعلوم التسيير 07/05/2026 الطابق الأرضي 1/295   أ/295ن1 1/295 07/05/2026 07/05/2026 كتب

موارد الويب المفتوحة


© University of Algiers 3 All Rights Reserved
|
Implemented by LECHELAH Riad